=LDR 00000nam 2200000 4500 =001 INLIS000000000033407 =005 20130612135349 =008 ***********************************ind** =035 ##$$a0010-061300000033407 =041 ##$$a ind =082 ##$$a 579.1 =090 ##$$a 579.1, Pra m =100 ##$$a Pratiwi, Sylvia T =245 ##$$a Mikrobiologi farmasi, Sylvia t. Pratiwi; Editor, Rina Astikawati, Amalia Safitri =260 ##$$a 2009 $b Jakarta =300 ##$$a xii,237 hlm, Ilus, 25 cm =650 ##$$a Mikrobiologi =700 ##$$a Astikawati, Rina =850 ##$$a NBPNMAT =990 ##$$a 21400613/BPAP-NTB/20142014